01162nam a22003617a 4500001001000000003000900010005001700019007000300036008003400039040005400073041001000127072004300137090001900180100002100199110010000220245006400320260003600384300001000420650001800430650000900448650001000457650001200467650001800479650002000497650001700517650002200534650002100556650001100577909003600588942000700624999001700631952015200648BR7200706BR-BrBNA20230928083810.0ta230509b bl.||||| |||| 00| 0 por d aBR-BrBNAbporcBiblioteca Nacional de Agricultura a(Por) aL00; E15; E70b7600b0945b8946b/G514  7600 BR72007061 aAlmeida, A.S. de1 aBanco de Desenvolvimento do Parana S.A., Curitiba (Brasil). Depto. de Operacoes Agricolas910911 aSericicultura [bicho da seda, investimento, Parana, Brasil]3 aCuritiba, PR (Brasil): c1972.  a32 p. aBICHO DA SEDA aSEDA aAMORA aCRIACAO aSERICICULTURA aCOMERCIALIZACAO aINVESTIMENTO aCUSTO DE PRODUCAO aINDUSTRIALIZACAO aPARANA a202309bLuciac55dLucia Elande cBK c15293d15293 002AGRIS40708AGROBASEa41918b41918l0o 7600 BR7200706p7600 BR7200706r2023-09-25t01yBK10d2023-09-25ePortaria Interministerial nÂș 164/94